000 01497nam a22004097a 4500
001 000095360
003 CHAP
005 20220817044101.0
008 060307d2005 mx r 00110 spa d
010 _a91826
011 _a92798
035 _a103364
040 _cCHAP
090 _aTesis
100 1 _aTzintzun Rascón, Rafael.
_9115755
245 1 0 _aAnálisis económico de la producción lechera familiar en pequeña escala /
_c/por Rafael Tzintzun Rascón.
260 _aChapingo, Méx. :
_bEl autor,
_c2005.
300 _a148 h.
502 _aTesis (Dr. en Ciencias en Economía Agrícola) -- UACH. División de Ciencias Económico Administrativas
590 _aALEPH
_b10
_c20130110
_lUCH01
_h1510
590 _aBATCH-UPD
_b10
_c20130110
_lUCH01
_h0337
590 _aBATCH-UPD
_b10
_c20130410
_lUCH01
_h0010
590 _aBATCH-UPD
_b10
_c20130914
_lUCH01
_h1152
590 _aBATCH-UPD
_b10
_c20140324
_lUCH01
_h1454
590 _aBATCH-UPD
_b10
_c20141002
_lUCH01
_h0829
590 _aCONVERSION
_b10
_c20130109
_lUCH01
_h1351
590 _aE12093SGE
_b10
_c20130604
_lUCH01
_h1108
650 1 4 _aDesarrollo económico.
650 1 4 _aLeche
_xProducción.
_965400
856 _3Finding aid
_uhttp://10.13.5.2/tesis/103364.pdf
_zTeclea aquí
901 _aBK
905 _aAlejandra Carrasco M.
942 _cCD
942 _n0
949 _aTesis
_bBC
_cTES
_d00000001033641
_eTS1
_gDonaciØn
_h44536
_i103364
_sb
949 _aTesis
_bBC
_cTES
_d33724000999801
_eTS2
_fc.2
_gDonaciØn
_h44537
_i103364
_sb
999 _c91826
_d91826